000 00309nam a22001337a 4500
008 171018b xxu||||| |||| 00| 0 eng d
020 _a0139269088
041 _aeng
080 _a338
100 _a53
101 _aMEN
245 _aTRAINING STRATEGIES FROM START TO FINISH
_cFRIEDMAN,P,G
942 _2udc
_cBK
999 _c34682
_d34682